000 00777nam a2200217Ia 4500
003 GCL
008 140319s9999 xx 000 0 ara d
040 _aGCL /
_cGCL
082 0 4 _a811.1
_bح د
100 1 _aابن السكيت : ابو يوسف يعقوب بن اسحاق
245 1 0 _aديوان الحطيئة : برواية وشرح ابن السكيت /
_cابن السكيت : ابو يوسف يعقوب بن اسحاق
700 1 _aالحطيئة جرول بن اوس بن مالك
700 1 _aنعمان محمد امين طه
260 _a[S.N] :
_bمكتبة الخانجى ،
_c1987
300 _a422 ص
490 _a
650 0 4 _aالشعر العربى
650 0 4 _aدواوين وقصائد
650 0 4 _aتاريخ ونقد
942 _2ddc
_cBK
999 _c36816
_d36816